000 00606nam a2200193 i 4500
001 148100
003 ES-MaACL
005 20250927162920.0
007 t|
008 070214s1963 sp r ||||1| spa d
100 1 _aStirling, Mónica.
_9108235
245 1 0 _aLeticia Bonaparte /
_cMónica Stirling ; versión castellana de Esteban Riambau.
260 _aBarcelona :
_bVergara,
_c[1963] (
_fGasa)
300 _a336 p., 8 lám. ;
_c22 cm.
600 1 4 _aBonaparte, Letizia.
_9155776
700 1 _aRiambau, Esteve,
_d1925-1994
_9156353
852 _aES-MaACL
_jC-23972
_bR.52788
999 _c148100
_d148100